| 000 | 00528nam a2200169Ia 4500 | ||
|---|---|---|---|
| 008 | 090711s9999 xx 000 0 und d | ||
| 082 | _b493 | ||
| 100 | _aगोखले अरविंद | ||
| 245 | _aजन्मखुणा | ||
| 260 |
_bकॉन्टीनेन्टल प्रकाशन _c1999 |
||
| 300 | _a140 | ||
| 600 | _aगोखले अरविंद | ||
| 630 | _aजन्मखुणा | ||
| 700 | _aगोखले अरविंद | ||
| 730 | _aजन्मखुणा | ||
| 942 | _cBOOK | ||
| 999 |
_c335478 _d335478 |
||